000 00759nam a22001935i 4500
001 158600
003 ES-MaACL
005 20230906211231.0
008 991115s1862 fr |||| | fre d
040 _aM-RAJU
_bspa
_cM-RAJU
_dCCPB | B
100 1 _aMamiani, Terenzio.
_9129405
245 1 0 _aDes traités de 1815 et d'un noveau droit européen /
_cpar Terenzio Mamiani ; traduit sur la quatrième édition italianne par Léonce Lehmann.
260 _aParis :
_bE. Dentu,
_c1862.
300 _a357 p. ;
_c19 cm.
700 1 _aLehmann, Leonce.
_9128857
852 _aES-MaACL
_jD-425
_z-- Enc. hol.
_x-- Edic.: El imp. es: Imprimerie de L. Tinterlin et c\pe\s -- La pag. es: XI, 357 p.
852 _aES-MaACL
_jD-1845
_z-- Enc. hol.
999 _c158600
_d158600